000 00779pam a2200265 i 4500
999 _c3651
_d3651
001 847674
003 ALUPE UNIVERSITY
005 20220131081112.0
008 790115s1979 nyuaf b 001 0 eng
010 _a 78014685
020 _a0385134975 :
_c$12.95
040 _cALUPE UNIVERSITY
_dDLC
050 0 0 _aR131
_b.L42 1979
082 0 0 _a610/.9
100 1 _aLehrer, Steven,
_d1944-
245 1 0 _aExplorers of the body /
_cSteven Lehrer.
250 _a1st ed.
260 _aGarden City, N.Y. :
_bDoubleday,
_c1979.
300 _aix, 463 p., [4] leaves of plates :
_bill. ;
_c22 cm.
500 _aIncludes index.
504 _aBibliography: p. [437]-444.
650 0 _aMedicine
_xHistory.
906 _a7
_bcbc
_corignew
_d1
_eocip
_f19
_gy-gencatlg
942 _2lcc
_cBK
_nBA